Visualizzazione normale
Vista MARC
- Boulez Pierre
di Personal Name
Records bibliografici associati: 10
001 - CONTROL NUMBER
- control field: 1432
003 - CONTROL NUMBER IDENTIFIER
- control field: IT-RoPau
005 - DATE AND TIME OF LATEST TRANSACTION
- control field: 20131108211458.0
008 - FIXED-LENGTH DATA ELEMENTS
- fixed length control field: 131108|| aca||aabn | a|a d
040 ## - CATALOGING SOURCE
- Original cataloging agency: IT-RoPau
- Transcribing agency: IT-RoPau
100 ## - HEADING--PERSONAL NAME
- Personal name: Boulez Pierre
670 ## - SOURCE DATA FOUND
- Source citation: Work cat.: (IT-RoPau)100296: Boulez Pierre, Pierre Boulez (1)